Statistiche per Paesi che Hanno Ospitato le Olimpiadi Invernali

Clicka qui per fare il quiz!

Statistiche generali

  • Questo quiz è stato fatto 68 volte
  • Il punteggio medio è 24 su 26

Statistiche sulle risposte

AnnoPaese% Corretto
1988Canada
97%
2010Canada
97%
1924Francia
97%
1992Francia
97%
1968Francia
97%
1944*Italia
97%
2006Italia
97%
1956Italia
97%
2014Russia
97%
1980Stati Uniti
97%
1932Stati Uniti
97%
2002Stati Uniti
97%
1960Stati Uniti
97%
2022Cina
95%
2018Corea del Sud
95%
1952Norvegia
95%
1994Norvegia
95%
1936Germania
92%
1972Giappone
90%
1998Giappone
90%
1940*Giappone
90%
1928Svizzera
90%
1948Svizzera
90%
1964Austria
87%
1976Austria
87%
1984Jugoslavia
51%

Distribuzione punteggi

Percentile per numero di risposta

Percentuale di utenti per punteggio

I tuoi punteggi nel tempo

Non hai fatto questo quiz